[Event "Bugojno"]
[Site "Bugojno"]
[Date "1978.02.26"]
[Round "1"]
[White "Ivkov, Borislav"]
[Black "Miles, Anthony John"]
[Result "1/2-1/2"]
[WhiteElo "2515"]
[BlackElo "2565"]
[Annotator "ChessBase"]
[PlyCount "85"]
[EventDate "1978.02.27"]
[EventType "tourn"]
[EventRounds "15"]
[EventCountry "YUG"]
[EventCategory "14"]
[SourceTitle "MCL"]
[Source "ChessBase"]
[SourceDate "1999.07.01"]
[SourceVersion "1"]
[SourceVersionDate "1999.07.01"]
[SourceQuality "1"]

1. Nf3 Nf6 2. c4 c5 3. Nc3 d5 4. cxd5 Nxd5 5. e3 Nxc3 6. bxc3 g6 7. Be2 Bg7 8.
d4 O-O 9. O-O b6 10. a4 Nd7 11. a5 (11. Qb3 Qc7 12. e4 cxd4 13. cxd4 Bb7 14. e5
e6 15. Ng5 Rfc8 $10 {Naydorf-Miles, Wijk aan Zee 1978}) 11... Rb8 12. axb6 axb6
13. Bb5 Bb7 14. Bb2 Qc7 15. Qe2 Ra8 16. c4 $1 e6 17. Rfd1 Rxa1 18. Rxa1 Ra8 19.
Rxa8+ Bxa8 $10 20. h3 cxd4 21. exd4 Qd6 $1 22. d5 Bxb2 23. Bxd7 Qxd7 24. Qxb2
Qd8 (24... exd5 25. Qxb6) 25. dxe6 Bxf3 26. exf7+ Kxf7 27. gxf3 $10 Qg5+ 28.
Kf1 Qf4 29. Qxb6 Qxc4+ 30. Kg2 Qf4 31. Qb7+ Kf6 32. Qc6+ (32. Qxh7 Qg5+ $10 {
..Qf4+/..Qc1+ =}) 32... Kg5 33. Qe6 $1 Kh6 $1 34. Qe3 g5 35. Qe6+ (35. Qxf4
gxf4 $10 36. Kf1 Kh5 37. Ke2 Kh4 38. Kd3 Kxh3 39. Ke4 Kg2 40. Kxf4 h5 41. Kg5
Kxf3) 35... Kg7 36. Qg4 Kf6 37. h4 h5 38. Qxh5 Qxh4 39. Qe8 Qc4 40. Qe4 Qc7 $1
(40... Qxe4 $2 $18) 41. Kh3 Qc1 42. Qd4+ Kf5 43. Qd3+ {*} 1/2-1/2

[Event "Montreal International"]
[Site "Montreal"]
[Date "1979.04.28"]
[Round "13"]
[White "Timman, Jan H"]
[Black "Hort, Vlastimil"]
[Result "1-0"]
[WhiteElo "2625"]
[BlackElo "2600"]
[Annotator "ChessBase"]
[PlyCount "99"]
[EventDate "1979.04.11"]
[EventType "tourn"]
[EventRounds "18"]
[EventCountry "CAN"]
[EventCategory "15"]
[SourceTitle "MCL"]
[Source "ChessBase"]
[SourceDate "1999.07.01"]
[SourceVersion "1"]
[SourceVersionDate "1999.07.01"]
[SourceQuality "1"]

1. c4 Nf6 2. Nc3 c5 3. Nf3 Nc6 4. g3 d5 5. cxd5 Nxd5 6. Bg2 Nc7 7. O-O e5 8. d3
Be7 (8... Bd7 $5 9. Nd2 Ne6 10. Nc4 f6) 9. Nd2 Qd7 (9... Bd7 10. Nc4 f6 (10...
O-O 11. Bxc6 Bxc6 12. Nxe5 Be8 $44 {Espig,L-Polugaevsky,L/Sochi/1975/}) 11. f4
$1 b5 12. Ne3 exf4 13. gxf4 O-O 14. Ned5 {Ree,H-Polugaevsky,L/Amstredam/1972/})
10. Nc4 f6 11. Qa4 Nd8 (11... O-O 12. f4 (12. Bxc6) 12... Ne6 13. f5 Nc7 14.
Bxc6 bxc6 15. Be3 $16) 12. Qxd7+ Bxd7 13. f4 exf4 14. Bxf4 Rc8 (14... Nce6 15.
Nd5 Nxf4 (15... Rc8 16. Bd6 $1 (16. Nxe7 Kxe7 17. Nd6 Ra8 18. Nxb7 (18. Bxb7
Nxf4 19. Bxa8 Nh3+ 20. Kg2 Kxd6 $17) 18... Nxf4 19. Rxf4 Nxb7 20. Bxb7 Rab8)
16... Bf8 $8 17. Bf3 $1 b5 (17... Kf7 18. Ne5+ fxe5 (18... Kg8 19. Bxf8 fxe5
20. Bh5 Nc6 21. Bd6 $16) 19. Bh5+ Kg8 20. Rxf8+ Nxf8 21. Ne7#) 18. Bh5+ Nf7 19.
Ne5 fxe5 20. Bxf7+ Kd8 21. Bxe5 $16) 16. Rxf4 $1 (16. Nc7+ Kf8 17. Nxa8 Nxg2
18. Kxg2 Bc6+ 19. Kg1 b5 $17) 16... Rc8 (16... Ne6 17. Re4 {/\Bh3}) 17. Re4 Be6
18. Bh3 Bxd5 19. Nd6+ Kf8 20. Rxe7 Kxe7 21. Nxc8+ Kf7 22. Nxa7 $16) 15. a4 $1
b6 (15... Nce6 16. Nb5 Bxb5 17. axb5 Nd4 18. Rxa7 (18. Kf2 Nxb5 19. Ra5 a6 20.
Nb6 Rc6 $15) 18... Nxe2+ 19. Kf2 $36) 16. Bxc7 Rxc7 17. Nb5 Bxb5 18. axb5 Nf7
19. Bc6+ Kd8 20. Ne3 Nd6 (20... Ne5 21. Nd5 Nxc6 (21... Rxc6 22. bxc6 Nxc6 23.
Nxb6 $1 $18) 22. bxc6 $1 (22. Nxc7 Kxc7 23. bxc6 a5 $44) 22... Rxc6 (22... a5
23. Nxb6 Rxc6 24. Rxa5) 23. Rxa7 $18) 21. Nd5 Nc8 22. Nf4 {/\Ne6} Bd6 23. Ne6+
Ke7 24. Nxc7 Bxc7 25. Ra4 Rd8 26. Rh4 h6 27. Kg2 Be5 28. b3 Kd6 29. Rg4 g5 30.
b4 Kc7 (30... cxb4 31. d4) 31. bxc5 bxc5 32. Ra4 Kb8 33. Rc4 Bd4 34. Rxd4 (34.
e3) 34... cxd4 35. Rxf6 Nd6 (35... Rd6 36. Rf7) 36. Rxh6 Kc7 37. Rg6 $6 (37. h4
$1) 37... a5 38. Rxg5 a4 39. Rd5 a3 40. Rxd4 Nxb5 41. Rc4 (41. Rxd8 Kxd8 42.
Bd5 Nc3 43. Bc4 Nxe2 $13) 41... Kb6 (41... a2 42. Bxb5+ Kb6 43. Ra4) 42. Bxb5
Kxb5 43. g4 Re8 (43... a2 44. Rc1 Kb4 45. g5 Kb3 46. Ra1 Kb2 47. Rxa2+ Kxa2 48.
Kg3 Kb3 49. Kg4 Kc3 50. g6 Kd4 51. Kg5 Ke5 52. g7 Ke6 53. Kg6 $18) (43... Rd4
$5) 44. h4 Rxe2+ 45. Kf3 a2 46. Rc1 Rb2 47. Ra1 Kc5 48. h5 Kd5 49. h6 Rh2 50.
Kg3 1-0

[Event "Candidates plof-4.pl Tal-Timman +1-1=4"]
[Site "Montpellier"]
[Date "1985.11.06"]
[Round "1"]
[White "Tal, Mihail"]
[Black "Timman, Jan H"]
[Result "1/2-1/2"]
[WhiteElo "2565"]
[BlackElo "2640"]
[Annotator "ChessBase"]
[PlyCount "43"]
[EventDate "1985.11.06"]
[EventType "match"]
[EventRounds "6"]
[EventCountry "FRA"]
[SourceTitle "Candidates"]
[Source "ChessBase"]
[SourceDate "1999.07.01"]
[SourceVersion "2"]
[SourceVersionDate "1999.07.01"]
[SourceQuality "1"]

1. Nf3 Nf6 2. c4 c5 3. Nc3 d5 4. cxd5 Nxd5 5. e4 Nb4 6. Bb5+ N8c6 7. d4 cxd4 8.
a3 dxc3 9. Qxd8+ Kxd8 10. axb4 cxb2 11. Bxb2 Bd7 12. O-O f6 13. Bc4 Nxb4 14. e5
Rc8 {[#]} 15. Bf7 $14 Rc2 (15... Nc6 16. e6 Be8 17. Rfd1+ Kc7 18. Bxe8 Rxe8 19.
Nd4 (19. Rd7+ Kb8 20. Rb1 $14 (20. Nd4 Ne5 $15)) 19... Rd8 20. Rdc1) 16. Rfb1
$16 Nd3 17. Bd4 fxe5 {[#]} 18. Bxa7 (18. Nxe5 $16 Nxe5 19. Bxe5 Rc5 20. f4 $16)
18... e6 19. Rxb7 Bd6 20. Be3 $14 (20. Ng5 $16) 20... Nc5 21. Ra8+ Ke7 22.
Rxd7+ $11 (22. Rxd7+ Nxd7 23. Rxh8 Kxf7 $11) 1/2-1/2

[Event "Montreal International"]
[Site "Montreal"]
[Date "1979.05.06"]
[Round "18"]
[White "Huebner, Robert"]
[Black "Ljubojevic, Ljubomir"]
[Result "1/2-1/2"]
[WhiteElo "2595"]
[BlackElo "2590"]
[Annotator "ChessBase"]
[PlyCount "81"]
[EventDate "1979.04.11"]
[EventType "tourn"]
[EventRounds "18"]
[EventCountry "CAN"]
[EventCategory "15"]
[SourceTitle "MCL"]
[Source "ChessBase"]
[SourceDate "1999.07.01"]
[SourceVersion "1"]
[SourceVersionDate "1999.07.01"]
[SourceQuality "1"]

1. c4 c5 2. Nf3 Nf6 3. d4 cxd4 4. Nxd4 b6 (4... e6 $5) 5. f3 (5. Bg5 $5 e6 6.
Nc3 Bb7 7. Ndb5) 5... Bb7 6. e4 d6 7. Nc3 Nbd7 8. Be2 e6 (8... g6 9. Be3 Bg7
10. Qd2 O-O 11. O-O $14) 9. O-O Be7 (9... a6 $5) 10. Ndb5 $1 (10. Be3 O-O 11.
Qd2 a6 12. a4 $6 Re8 13. Rfd1 Rc8 14. a5 d5 {Pomar-Ljubojevic/Madrid/1973/})
10... Qb8 11. Bf4 Ne5 12. a4 O-O 13. Kh1 Rc8 14. Qb3 a6 15. Na3 $1 (15. Nd4 Qc7
) 15... Bc6 {/\b6-b5; d6-d5.} 16. Rfd1 Qb7 17. Rd2 Rab8 18. Qd1 (18. h3 $6 Nh5
19. Bh2 Bg5 $1 20. Rxd6 Bf4 21. Bxf4 Nxf4 22. Bf1 Qc7 $13) 18... Nh5 19. Be3
Ng6 20. Nc2 Rd8 21. Nd4 Be8 22. a5 $5 {Underestimates Black's 27.move d6-d5.}
bxa5 23. Rxa5 Nf6 24. Qa1 Ra8 25. Nc2 $6 (25. Qa2 $1 {><d5; /\Rd2-d1-a1; b2-b4.
}) 25... Ne5 $1 26. b4 {/\b5} Nc6 27. Ra4 d5 $1 $132 28. b5 (28. cxd5 Nxb4 $1)
28... axb5 29. cxb5 Nb4 $1 30. e5 Nd7 31. Nxb4 Bxb4 32. Rda2 $1 {White has to
fight for full equality, because Blacks center is of more solid value than
White's passed b-pawn.} Rxa4 33. Nxa4 $1 {><c5} Ra8 34. f4 $6 (34. Bd4 $1 Bf8
35. Qb2 $1) 34... f6 $1 35. exf6 Nxf6 36. b6 Qc6 37. Nb2 Rxa2 38. Qxa2 Qc2 $1 (
38... Qc3 39. Nd3 $1) 39. Bd3 Qc3 40. Qb1 Bd6 41. Qc1 $15 1/2-1/2

[Event "Goodricke op 08th"]
[Site "Kolkata"]
[Date "1997.??.??"]
[Round "1"]
[White "Marin, Mihail"]
[Black "Shetty, Rahul"]
[Result "1-0"]
[WhiteElo "2545"]
[BlackElo "2335"]
[Annotator "ChessBase"]
[PlyCount "68"]
[EventDate "1997.02.??"]
[EventType "swiss"]
[EventRounds "11"]
[EventCountry "IND"]
[SourceTitle "CBM 056 Extra"]
[Source "ChessBase"]
[SourceDate "1997.03.01"]
[SourceVersion "1"]
[SourceVersionDate "1997.03.01"]
[SourceQuality "1"]

1. Nf3 c5 2. c4 Nf6 3. Nc3 d5 4. cxd5 Nxd5 5. g3 Nc6 6. Bg2 Nc7 7. Qa4 Bd7 8.
Qe4 f6 9. d4 cxd4 10. Nxd4 e5 11. Nf5 g6 12. Ne3 Bg7 13. O-O O-O 14. Rd1 Qe7
15. Ned5 Nxd5 16. Nxd5 Qf7 17. Be3 Be6 18. Qa4 f5 19. Nb4 f4 20. Bc5 Nd4 21.
Rxd4 exd4 22. Bxf8 Rxf8 23. Nd3 fxg3 24. hxg3 Bc4 25. Rf1 Bxa2 26. Qxa7 Bd5 27.
Bxd5 Qxd5 28. Rc1 Qe4 29. Rc7 Qxe2 30. Qxb7 Bf6 31. Qd5+ Kh8 32. Qd7 Qh5 33.
Nf4 Qh6 34. Ne6 Rg8 (34... Rg8 35. Rc8 $1 (35. Ng5 $1)) 1-0

[Event "BL2-West 9900"]
[Site "Germany"]
[Date "1999.11.07"]
[Round "2.1"]
[White "Chuchelov, Vladimir"]
[Black "Miezis, Normunds"]
[Result "1/2-1/2"]
[WhiteElo "2533"]
[BlackElo "2524"]
[Annotator "Chuchelov,V"]
[PlyCount "37"]
[EventDate "1999.10.10"]
[EventType "team-tourn"]
[EventRounds "9"]
[EventCountry "GER"]
[SourceTitle "CBM 074 Extra"]
[Source "ChessBase"]
[SourceDate "2000.03.10"]
[SourceVersion "2"]
[SourceVersionDate "2000.03.10"]
[SourceQuality "1"]
[WhiteTeam "Andernach"]
[BlackTeam "Godesberg II"]
[WhiteTeamCountry "GER"]
[BlackTeamCountry "GER"]

1. Nf3 c5 2. c4 Nf6 3. Nc3 d5 4. cxd5 Nxd5 5. d4 cxd4 6. Qxd4 Nxc3 7. Qxc3 Bf5
8. g3 $5 $146 Qc8 9. Qxc8+ Bxc8 10. Nd4 a6 (10... e5 11. Nb5 Na6 12. Bg2 Bb4+
13. Bd2 Bxd2+ 14. Kxd2 Ke7 15. Rhc1 Bd7 16. a4 $16) (10... Bd7 11. Bg2 Nc6 12.
Nxc6 Bxc6 13. Bxc6+ bxc6 14. Bf4 f6 15. e4 e5 16. Be3 $14) 11. Bg2 e5 12. Nb3
Nc6 13. O-O Bg4 $1 (13... Be6 14. Be3 $14) (13... Bd7 14. Be3 Bd6 15. Rfd1 Ke7
16. Nc5 $16) 14. Be3 $1 (14. Bg5 $5 f6 15. Rfc1 Rd8 $1 (15... Bd6 $5 16. Rxc6
bxc6 17. Bxc6+ Ke7 18. Bxa8 Rxa8 19. f3 Be6 20. Bd2 Rb8 21. Bc3 Bb4 $44) (15...
Rc8 16. Be3 Bd6 17. Bc5 $1 (17. Bxc6+ Rxc6 18. Na5 Rxc1+ 19. Rxc1 Ke7 20. f3
Be6 21. Nxb7 Bxa2 $11) 17... Bxc5 18. Nxc5 Nd4 19. Bxb7 Nxe2+ 20. Kg2 Rc7 21.
Rc4 Nd4 22. Re1 Kf7 23. h3 Be6 $140 24. Nxe6 Rxc4 25. Bd5 Nxe6 26. Bxc4 $14)
16. Be3 Bxe2 17. Bc5 $1 $44) (14. Bd2 Bd6 (14... Bxe2 15. Rfe1 Bc4 16. Na5 Nxa5
17. Rxe5+ Be6 18. Bxa5 $16) (14... Rc8 15. Rfc1 Bd6 16. Na5 $36) 15. Na5 Nxa5
16. Bxa5 Ke7 $11) 14... Bxe2 15. Rfc1 $6 (15. Rfe1 $1 Bc4 (15... Bb5 16. Bc5 $1
f6 17. Bxf8 Kxf8 (17... Rxf8 18. a4 Bc4 19. Nc5 Nd4 20. Nxb7 Ke7 21. Rad1 Nc2
22. Re4 Be6 23. f4 Bf5 24. Re2 $1 Bg4 25. Rxc2 Bxd1 26. Rc7+ Ke6 27. Nc5+ Kd6
28. Rc6+ Ke7 29. Re6+ Kf7 30. Bxa8 Rxa8 31. Rd6 Be2 32. fxe5 fxe5 33. Rd5 $16)
18. a4 Bd3 19. Nc5 Bf5 20. Nxb7 Nd4 21. Nd6 Rb8 22. Nxf5 Nxf5 23. Rac1 Nd4 24.
f4 $16) 16. Rec1 $1 (16. Rac1 Bxb3 17. Rxc6 Bb4) 16... Bxb3 17. Rxc6 Rd8 (17...
Be6 18. Rc7 Bd6 19. Rxb7 $16) (17... bxc6 18. Bxc6+ Ke7 19. Bxa8 Be6 20. Bb7 a5
21. Bb6 a4 22. Bc6 Bd7 23. Rc1 $16) 18. Rc7 Bd5 19. Bxd5 Rxd5 20. Rxb7 $16)
15... Bd6 $11 16. Nc5 Bxc5 17. Rxc5 O-O 18. Bxc6 bxc6 19. Rxe5 1/2-1/2

[Event "FRA-chTa"]
[Site "France"]
[Date "1998.11.??"]
[Round "?"]
[White "Foisor, Cristina Adela B"]
[Black "Chuchelov, Vladimir"]
[Result "0-1"]
[WhiteElo "2415"]
[BlackElo "2540"]
[Annotator "Chuchelov,V"]
[PlyCount "114"]
[EventDate "1998.??.??"]
[EventType "team"]
[EventRounds "5"]
[EventCountry "FRA"]
[SourceTitle "CBM 068"]
[Source "ChessBase"]
[SourceDate "1999.02.01"]
[SourceVersion "1"]
[SourceVersionDate "1999.02.01"]
[SourceQuality "1"]

1. c4 Nf6 2. Nf3 c5 3. g3 d5 4. cxd5 Nxd5 5. Bg2 Nc6 6. Nc3 Nc7 7. O-O e5 8. b3
Bg4 $1 9. Bb2 (9. Ne1 Qd7 10. Nd3 f6 11. Ba3 Nb4 (11... Ne6 $5 {Ribli}) 12.
Bxb4 (12. Bxb7 Rb8 13. Be4 Bd6 14. f3 Bh3 15. Re1 O-O $44 {Mikhalchsishin})
12... cxb4 13. Na4 Ne6 14. Rc1 Rd8 $15 {0-1 Dunnington,A-Mikhalchishin,A/
Groningen 1990/CBM 22/[Ribli] (49)}) 9... Qd7 10. Rc1 f6 11. d3 (11. Ne4 Na6
12. Ne1 Be7 $11 13. f4 $6 Nd4 $1 14. Bxd4 exd4 $15 {Akopian,V-Korchnoi,V/Ubeda
1997/Inf 70 (24)}) 11... Be7 12. Nd2 Rc8 13. Nc4 O-O 14. Ne3 Be6 15. Ne4 b6 16.
f4 exf4 (16... f5 $1 17. Ng5 exf4 (17... Bxg5 18. fxg5 f4 19. Nc4 Bd5) 18. Nxe6
(18. gxf4 Bxg5 19. fxg5 f4 20. Nc4 Bd5 $17) 18... Qxe6 19. Nc4 fxg3 20. hxg3
Bg5 $17) 17. gxf4 f5 18. Ng3 (18. Ng5 Bxg5 19. fxg5 f4 20. Nc4 Bd5 $36) 18...
Nd4 (18... Bf6 $2 19. Bxc6 $1 Qxc6 20. Nexf5 Bxb2 $2 21. Ne7+) 19. Nc4 Nd5 20.
e3 Nc6 21. Qe2 (21. e4 Ndb4 (21... Nxf4 $5 22. Rxf4 Bg5 23. Rf1 Bxc1 24. Qxc1
fxe4 25. dxe4 Rxf1+ 26. Bxf1 Rf8 $13) (21... fxe4 $2 22. f5 $16) 22. exf5 Bxf5
23. Nxf5 Qxf5 24. Be4 Qf7 $13) 21... Ndb4 $5 (21... Bf6 22. Bxf6 Rxf6 $15) 22.
Rcd1 (22. a3 Nd5 {xb3}) 22... b5 23. Ne5 Nxe5 24. Bxe5 Nc6 (24... Rfd8 $5 25.
e4 Nxd3 26. exf5 Bf7 27. Qg4 g6 $13) 25. Ba1 Rfd8 $1 26. Bf3 (26. Nh5 Bf8 27.
Rf3 Ne7 $1 28. Rg3 Ng6 29. e4 Qf7 30. Re1 c4 $36) 26... Bf8 $15 27. d4 $6 cxd4
28. Qxb5 (28. exd4 Nb4) 28... d3 $1 29. Bxc6 $8 Rxc6 $6 (29... Qxc6 30. Qxc6
Rxc6 31. Bd4 Rc2 32. Rf2 Rdc8 33. Rxd3 (33. Bxa7 Ra8 34. Bd4 Raxa2) 33... Rxf2
34. Kxf2 Rc2+ 35. Ne2 Rxa2 $17) 30. Bd4 Rc2 31. Qxd7 $2 (31. Qxd3 Rdc8 (31...
Rxa2 32. Qb1 $1 Ra3 33. Bf6 $18) 32. Rd2 Rxd2 33. Qxd2 Qc7 $44) 31... Rxd7 32.
Rf2 Rdc7 33. Nf1 $138 (33. Rxd3 Rxf2 34. Kxf2 Rc2+ 35. Ne2 Rxa2 36. Be5 Bf7 $17
) (33. e4 fxe4 34. Nxe4 Bh3) 33... Rxf2 34. Kxf2 Rc2+ 35. Kg3 (35. Rd2 Ba3 $22
36. Kg3 Rxd2 37. Nxd2 Bb4) 35... Bd5 36. Rxd3 Rg2+ 37. Kh3 Rxa2 (37... Rg1 38.
e4 $1) 38. Rd2 Rxd2 39. Nxd2 Bb4 40. Nc4 a5 $1 (40... Bxc4 41. bxc4 a5 42. Kg2
Kf7 $17) 41. Ne5 Bxb3 42. Kg2 a4 43. Kf2 h6 $1 44. Ke2 Bd5 45. Kd3 a3 46. Ba1
g5 $19 47. Kd4 Be4 48. Ng4 fxg4 49. Kxe4 gxf4 50. exf4 Bd2 51. Be5 Bc1 52. Bd6
a2 53. Be5 Kf7 54. Kf5 h5 55. Kg5 Ba3 56. f5 (56. Kxh5 Be7 57. Kxg4 Bf6) 56...
Be7+ 57. f6 Bd8 0-1

[Event "FRA-chTa"]
[Site "France"]
[Date "1998.11.??"]
[Round "?"]
[White "Spiridonov, Nikola"]
[Black "Chuchelov, Vladimir"]
[Result "0-1"]
[WhiteElo "2405"]
[BlackElo "2540"]
[Annotator "Chuchelov,V"]
[PlyCount "72"]
[EventDate "1998.??.??"]
[EventType "team"]
[EventRounds "5"]
[EventCountry "FRA"]
[SourceTitle "CBM 068"]
[Source "ChessBase"]
[SourceDate "1999.02.01"]
[SourceVersion "1"]
[SourceVersionDate "1999.02.01"]
[SourceQuality "1"]

1. c4 Nf6 2. g3 c5 3. Bg2 d5 4. cxd5 Nxd5 5. Nc3 Nc7 6. Qb3 Nd7 $6 (6... Nc6
$142) 7. d3 (7. Nf3 e5 8. O-O Be7 9. e3 O-O 10. Rd1 $14) 7... e6 (7... e5 $5 8.
Nh3 $140 Ne6 9. O-O Be7 10. f4 exf4 11. Nxf4 Nd4) 8. Nf3 Be7 9. O-O O-O 10. Be3
(10. Bf4 Nf6 11. d4 cxd4 12. Nxd4 Ncd5 13. Be5 $14) 10... e5 $1 11. Nd5 (11.
Bh3 b6 12. Bxd7 Qxd7 13. Nxe5 Qe8 $44) 11... Ne6 (11... Nxd5 12. Qxd5 Qc7 13.
Rfc1 Qd6 14. Qxd6 Bxd6 15. Ng5 $16) 12. Nxe7+ Qxe7 13. Rac1 (13. Rfc1 $5) 13...
a5 $1 14. Nd2 Ra6 15. Ne4 (15. Nc4 a4 16. Qb5 $2 Nc7 $19) 15... Nd4 16. Bxd4
exd4 17. Rfe1 $5 (17. e3 dxe3 18. fxe3 Rh6 19. d4 $14) 17... Kh8 $6 (17... Re6
18. e3 (18. Bh3 Rh6 19. Bxd7 Qxd7 $17) 18... dxe3 19. Rxe3 b6 $13) 18. Qa3 $5 (
18. Qb5 $5 Rb6 19. Qxa5 Rxb2 20. e3 (20. Nxc5 $2 b6 21. Qa3 Rb5 $19) 20... dxe3
21. Rxe3 b6 22. Qa3 Rb5 23. d4 $36) 18... b6 (18... b5 19. Nxc5 $1 b4 20. Qa4
Nxc5 21. Qb5 Ne6 22. Rxc8 Rxc8 23. Qxa6 $16) 19. e3 f5 20. Nd2 dxe3 21. Rxe3
Qd8 22. Nf3 Bb7 23. Rce1 Ra8 24. Re7 Rb8 25. Qc3 (25. Ng5 Bxg2 26. Kxg2 Nf6 27.
f3 $16) 25... Nf6 26. Qe5 $6 $138 (26. Nh4 Bxg2 27. Nxg2 Re8 28. Rxe8+ Nxe8 29.
Qe5 Nd6 30. Nf4 Qd7 31. Qd5 Rd8 32. Re6 $16) (26. Ng5 Bxg2 27. Kxg2 Rb7 $1)
26... Bxf3 27. Bxf3 Qxd3 28. Kg2 Qd4 29. Qxf5 Qxb2 (29... Ng8 30. Rf7 Rxf7 31.
Qxf7 Qxb2 32. Re8 Rxe8 33. Qxe8) 30. R1e2 Qd4 31. Qg5 Ng8 32. R7e5 Qd8 33. Qe3
Qc7 34. Re6 c4 $1 $17 35. Rc6 Qf7 36. Rxb6 $4 $138 Rxb6 0-1

[Event "Le Touquet op 12th"]
[Site "Le Touquet"]
[Date "1997.??.??"]
[Round "?"]
[White "Chuchelov, Vladimir"]
[Black "Barsov, Alexei"]
[Result "1-0"]
[WhiteElo "2540"]
[BlackElo "2445"]
[Annotator "Chuchelov,V"]
[PlyCount "79"]
[EventDate "1997.10.26"]
[EventType "swiss"]
[EventRounds "9"]
[EventCountry "FRA"]
[SourceTitle "CBM 062"]
[Source "ChessBase"]
[SourceDate "1998.01.31"]
[SourceVersion "1"]
[SourceVersionDate "1998.01.31"]
[SourceQuality "1"]

1. c4 Nf6 2. Nc3 e6 3. e4 c5 4. Nf3 Nc6 5. Be2 Qb6 $5 $146 6. O-O Be7 7. a3 O-O
8. Rb1 a5 (8... d6 9. b4 cxb4 10. axb4 Nxb4 11. Ba3 a5 12. d4 Qc6 $5 13. e5
dxe5 (13... Ne4 14. Nxe4 Qxe4 15. exd6 Bxd6 16. c5 Bc7 17. Bxb4 axb4 18. Bd3
Qf4 19. Rxb4 $14 e5 $140 $2 20. Qb1 $16) 14. Nxe5 Qc7 15. Nb5 Qd8 16. Bf3 $44
Nd7 $140 17. Nd3 Nxd3 18. Bxe7 Qxe7 (18... Nxf2 19. Bxd8 Nxd1 20. Bg5) 19. Qxd3
Nf6 20. c5 $36) 9. d3 d6 (9... Rd8 $5 $13) 10. h3 Bd7 (10... Nd7 11. Nb5 $5
Nde5 12. Ne1 Nd4 13. Nxd4 cxd4 14. Nc2 Nc6 (14... a4 $2 15. Nxd4) 15. b4 $14)
11. Be3 Rfc8 12. d4 cxd4 13. Nxd4 Nxd4 14. Bxd4 $14 Qd8 (14... Qc7 $14) 15.
Bxf6 $5 (15. Qd3 $5) 15... Bxf6 $1 (15... gxf6 16. f4 a4 17. f5 $36) 16. Qxd6
Bxc3 $6 (16... Bc6 $1 17. Qg3 (17. e5 Qxd6 18. exd6 Bd4 $1 19. Rfd1 e5 $11)
17... Bxc3 18. Qxc3 Bxe4 19. Rbd1 Qg5 20. f3 Bc6 21. b4 axb4 22. axb4 Ra2 $132)
17. bxc3 Bc6 18. Qd4 $1 Qxd4 (18... Qe7 19. c5 $16) 19. cxd4 $14 Bxe4 20. Rb2
Rd8 21. Rd1 Bc6 22. f3 g5 $1 23. Kf2 Kg7 24. g3 $1 Rd7 25. Ke3 Rad8 26. Rbd2
Ba4 27. Rb1 Bc6 28. f4 h6 29. h4 gxf4+ 30. gxf4 Kf6 31. Rg1 Ba4 $138 32. Bf3 b6
$6 (32... Bc6 $11) 33. Rc1 (33. Rb1 Rd6 34. d5 (34. Rbb2 {With the idea 35.c5}
Rc8 35. Be2 Rg8 $132) 34... exd5 35. Rxd5 Rxd5 36. cxd5 b5 37. Kd4 (37. Be4 Ke7
38. Kd4 Kd6 39. Rc1 b4) 37... Kf5 38. Be2 $1 Rb8 $1 $11 (38... Kxf4 39. Bxb5
Bxb5 40. Rxb5)) 33... Rg8 $6 (33... Bb3 $142) 34. c5 bxc5 35. Rxc5 $138 (35.
dxc5 $16) 35... Rg3 $2 (35... Bb3 $1 36. Rxa5 Bd5 37. Bxd5 $140 Rxd5 38. Rxd5
exd5 $11) 36. d5 (36. Kf2 $1 $16 Rh3 $140 $2 37. Kg2 Rxh4 38. Kg3 $18) 36...
exd5 37. Rxa5 d4+ $2 (37... Bb3 $142 38. Ra6+ Kg7 39. Rb6 Bc4 40. f5 $14) 38.
Kf2 $18 Rxf3+ 39. Kxf3 Bc6+ 40. Kf2 {Time} 1-0

[Event "FRA-chT2"]
[Site "France"]
[Date "2000.02.06"]
[Round "?"]
[White "Spiridonov, Nikola"]
[Black "Chuchelov, Vladimir"]
[Result "0-1"]
[WhiteElo "2518"]
[BlackElo "2414"]
[Annotator "Chuchelov,V"]
[PlyCount "54"]
[EventDate "2000.01.??"]
[EventType "team"]
[EventRounds "4"]
[EventCountry "FRA"]
[SourceTitle "CBM 076"]
[Source "ChessBase"]
[SourceDate "2000.05.31"]
[SourceVersion "1"]
[SourceVersionDate "2000.05.31"]
[SourceQuality "1"]

1. Nf3 Nf6 2. c4 c5 3. g3 d5 4. cxd5 Nxd5 5. Nc3 Nc6 6. Nxd5 Qxd5 7. Bg2 e5 8.
d3 Be7 9. O-O O-O 10. Be3 Qe6 11. Nd2 (11. Ng5 Qg6 12. Ne4 b6 13. f4 $140 exf4
14. Bxf4 Bb7 $15) (11. Qb3 $5 Rb8 $1 12. Rfc1 (12. Ng5 Bxg5 13. Qxe6 Bxe6 14.
Bxg5 Rfc8 15. Bd2 c4 16. dxc4 Bxc4 17. Bc3 {1/2-1/2 Krasenkow,M-Vaganian,R/
Moscow 1990/EXT 2000 (17)}) 12... b6 13. Qxe6 Bxe6 14. Ng5 Bxg5 15. Bxg5 $10
Nd4 16. Kf1 f6 17. Bd2 a5 $1 {1/2-1/2 Andersson,U-Timman,J/Tilburg 1987/Inf 44/
[Andersson,U] (53)}) (11. Qc1 Nd4 12. Bxd4 exd4 (12... cxd4 $5) 13. b4 (13. Re1
$5 {/\14e3}) 13... cxb4 14. Nxd4 Qb6 15. Nb3 Bf6 $36 {0-1 Spiridonov,N-Pinter,
J/FRA 1993/TD (42)}) 11... Rb8 $1 12. Ne4 b6 13. f4 f5 14. Nc3 Kh8 15. Qa4 Bd7
$5 (15... Bb7 $5 16. Bd5 Qd6 17. Bxc6 (17. fxe5 Nxe5 18. Bxb7 (18. Qxa7 Bxd5
19. Nxd5 Nc6 $19) 18... Rxb7 $15) 17... Bxc6 18. fxe5 (18. Qxa7 Ra8 19. Qxb6
Rfb8 20. fxe5 Qe6 $19) 18... Qxe5 19. Bf4 Qe6 20. Qxa7 Rb7 21. Qa6 Bf6 22. Rae1
g5 23. Bd2 f4 $36) 16. fxe5 (16. Bd5 Qd6 17. fxe5 Nxe5 18. Qxa7 {->16fe}) 16...
Nxe5 17. Bd5 $1 (17. Qxa7 $2 Nc6 18. Bxc6 Qxe3+ 19. Rf2 Bxc6 $19) 17... Qd6 $1
(17... Bxa4 18. Bxe6 Bd7 19. Bxd7 Nxd7 $11) 18. Qd1 $6 (18. Qxa7 b5 19. Bg2 (
19. Bf4 b4 20. Bxe5 Qxe5 21. Qxd7 bxc3 22. Qe6 Qxe6 23. Bxe6 cxb2 24. Rab1 g6
$17) 19... Bc6 $1 20. Bxc6 Nxc6 21. Qa6 Qd7 22. Bf4 b4 23. Nd1 (23. Bxb8 Nxb8)
23... Ra8 24. Qc4 Nd4 25. Rf2 Bf6 $1 $44 26. Be3 $5 (26. Qxc5 $2 Nxe2+) 26...
Rfe8 27. Bxd4 Bxd4 28. e3 Rxe3 29. Nxe3 Bxe3 30. Re1 Bd4 $15 31. Kg2 $140 Qb7+
32. Rf3 g5) 18... Bf6 19. Bf4 g5 $1 20. Bxe5 Bxe5 $17 21. Bg2 Bd4+ 22. Kh1 f4
$1 23. gxf4 gxf4 24. Qe1 Rbe8 25. Rc1 Qh6 $1 {/\26..Bh3} 26. Nd1 $4 $138 f3 {
xc1} 27. Rxf3 Rxf3 0-1